Loading...
| History - American | 0 | 6 | 0 | 1 | 60 | 14 | 42.17 | 4 | 5 | 0.00 | 0.00 |
| Painting/Sculpture | 0 | 5 | 0 | 3 | 50 | 59 | 92.80 | 1 | 2 | 0.00 | 0.00 |
| Social Science | 0 | 4 | 0 | 1 | 40 | 74 | 85.75 | 0 | 2 | 0.00 | 0.00 |
| History - Other | 0 | 3 | 0 | 0 | 30 | 75 | 80.67 | 1 | 3 | 0.00 | 0.00 |
| Fine Arts - Classical Music | 0 | 3 | 0 | 0 | 30 | 73 | 81.33 | 0 | 1 | 0.00 | 0.00 |
| History - World | 0 | 3 | 1 | 0 | 25 | 27 | 42.33 | 0 | 3 | 0.00 | 0.00 |
| Current Events | 0 | 3 | 1 | 0 | 25 | 33 | 46.00 | 1 | 3 | 0.00 | 0.00 |
| History - European | 0 | 3 | 2 | 0 | 20 | 7 | 37.33 | 1 | 2 | 0.00 | 0.00 |
| Literature - British | 0 | 1 | 0 | 0 | 10 | 86 | 86.00 | 0 | 0 | 0.00 | 0.00 |
| Fine Arts - Other | 0 | 1 | 0 | 0 | 10 | 84 | 84.00 | 0 | 0 | 0.00 | 0.00 |
| Philosophy | 0 | 1 | 0 | 0 | 10 | 74 | 74.00 | 0 | 0 | 0.00 | 0.00 |
| Pop Culture | 0 | 1 | 0 | 0 | 10 | 34 | 34.00 | 1 | 1 | 0.00 | 0.00 |
| Geography | 0 | 1 | 0 | 0 | 10 | 90 | 90.00 | 0 | 0 | 0.00 | 0.00 |
| Literature - European | 0 | 0 | 0 | 0 | 0 | 0.00 | 0 | 0 | 0.00 | 0.00 |